Bodies of Water by Shape #2 - Statistics

General Stats
  • This quiz has been taken 43 times
  • The average score is 9 of 16
Answer Stats
Answer % Correct
Black Sea
97%
Caspian Sea
85%
Lake Erie
85%
Lake Superior
82%
Baltic Sea
77%
Lake Victoria
72%
Lake Malawi
67%
Caribbean Sea
56%
South China Sea
54%
Arabian Sea
51%
Great Slave Lake
51%
Aegean Sea
44%
Sea of Japan
41%
Sea of Azov
28%
Irish Sea
26%
Gulf of California
0%
No matching quizzes found
Score Distribution
Percent of People with Each Score
Percentile by Number Answered
Your Score History
You have not taken this quiz